الإستشراق السياسي في النصف الأول من القرن العشرين / (رقم التسجيلة. 21731)

تفاصيل مارك
000 -LEADER
fixed length control field 00506nam a22001577a 4500
005 - DATE AND TIME OF LATEST TRANSACTION
control field 20251108165206.0
008 - FIXED-LENGTH DATA ELEMENTS--GENERAL INFORMATION
fixed length control field 250721s1986 xx 000 0 ara d
082 14 - DEWEY DECIMAL CLASSIFICATION NUMBER
Classification number 956/مصط
100 1# - MAIN ENTRY--PERSONAL NAME
Personal name المسلاتي، مصطفى نصر
245 10 - TITLE STATEMENT
Title الإستشراق السياسي في النصف الأول من القرن العشرين /
264 1# - PRODUCTION, PUBLICATION, DISTRIBUTION, MANUFACTURE, AND COPYRIGHT NOTICE
Place of production, publication, distribution, manufacture طرابلس (ليبيا) :
Date of production, publication, distribution, manufacture, or copyright notice 1986.
300 ## - PHYSICAL DESCRIPTION
Extent 288ص
650 17 - SUBJECT ADDED ENTRY--TOPICAL TERM
Topical term or geographic name as entry element الإستشراق و المستشرقون
942 ## - ADDED ENTRY ELEMENTS (KOHA)
Source of classification or shelving scheme Dewey Decimal Classification
Koha item type كتب
المقتنيات
حالة السحب حالة الفقدان مصدر التصنيف حالة التلف غير قابل للإعارة المكتبة الرئيسية المكتبة الحالية موقع الرف تاريخ التزويد الرقم المتسلسل Total Checkouts رقم الإستدعاء الباركود تاريخ آخر ظهور تاريخ الفاتورة نوع المادة (كوها)
    Dewey Decimal Classification     المكتبة المركزية المكتبة المركزية الإعارة 06/07/2004 245078   956/مصط 245078 28/07/2025 06/07/2004 كتب
    Dewey Decimal Classification     مكتبة أم قصير والمقابلين العامة مكتبة أم قصير والمقابلين العامة الإعارة 06/07/2004 378653   956/مصط 378653 28/07/2025 06/07/2004 كتب
    Dewey Decimal Classification     مكتبة الحسن العامة مكتبة الحسن العامة الإعارة 10/07/2018 378650   956/مصط PLD00423001 28/07/2025 10/07/2018 كتب
    Dewey Decimal Classification     مكتبة حمزة العامة مكتبة حمزة العامة الإعارة 06/07/2004 378651   956/مصط 378651 28/07/2025 06/07/2004 كتب
    Dewey Decimal Classification Unchecked   مكتبة صويلح العامة مكتبة صويلح العامة الإعارة 06/07/2004 12473   956/مصط   28/07/2025 06/07/2004 كتب
Implemented & Customized by: BBB with SCIT (Smart Chains for Information Technology)

Powered by Koha